[Event "Agneaux St Lo FIDE 07th"]
[Site "Agneaux"]
[Date "2002.07.12"]
[Round "4"]
[White "Lozachmeur, Yann"]
[Black "Coudrette, Olivier"]
[Result "1-0"]
[WhiteElo "2045"]
[BlackElo "1880"]
[PlyCount "105"]
[EventDate "2002.07.09"]
[EventType "tourn"]
[EventRounds "9"]
[EventCountry "FRA"]
[SourceTitle "EXT 2003"]
[Source "ChessBase"]
[SourceDate "2002.11.25"]
[SourceVersion "1"]
[SourceVersionDate "2002.11.25"]
[SourceQuality "1"]

1. d4 Nf6 2. c4 d6 3. Nc3 g6 4. e4 Bg7 5. Nf3 0-0 6. Be2 e5 7. 0-0 Nc6 8. d5 Ne7 9. Ne1 Ne8 10. Be3 f5 11. f3 f4 12. Bf2 g5 13. c5 Ng6 14. Rc1 a6 15. Nd3 Nf6 16. cxd6 cxd6 17. Na4 h5 18. Nb6 Rb8 19. Qb3 Rf7 20. Rc3 g4 21. Rfc1 Bd7 22. Nxd7 Qxd7 23. Bb6 Ne8 24. Qc2 g3 25. h3 Nf8 26. a4 Nh7 27. Bf1 Bf6 28. b4 Bd8 29. Bxd8 Rxd8 30. Nb2 Qe7 31. b5 axb5 32. Bxb5 Nhf6 33. Nd3 Ra8 34. Rc8 Rxc8 35. Qxc8 Kg7 36. Nb4 Kh7 37. Qb8 Kg7 38. Rc8 Nc7 39. Bd3 Nce8 40. Kf1 Kh7 41. Ke2 Kg7 42. Kd2 Qf8 43. Bb5 Re7 44. Kd3 Qf7 45. Bxe8 Nxe8 46. Nc2 Kh7 47. Na3 b6 48. Nb5 Rb7 49. Qa8 Re7 50. Qa6 Rd7 51. Qxb6 Rb7 52. Qc6 Rd7 53. a5 1-0

[Event "Agneaux St Lo FIDE 07th"]
[Site "Agneaux"]
[Date "2002.07.09"]
[Round "1"]
[White "Coudrette, Olivier"]
[Black "Matei, Lucien"]
[Result "1-0"]
[WhiteElo "1880"]
[BlackElo "1950"]
[PlyCount "97"]
[EventDate "2002.07.09"]
[EventType "tourn"]
[EventRounds "9"]
[EventCountry "FRA"]
[SourceTitle "EXT 2003"]
[Source "ChessBase"]
[SourceDate "2002.11.25"]
[SourceVersion "1"]
[SourceVersionDate "2002.11.25"]
[SourceQuality "1"]

1. d4 d5 2. c4 c6 3. Nf3 Nf6 4. cxd5 cxd5 5. Nc3 e6 6. Bf4 Nc6 7. e3 Bb4 8. Bd3 Qa5 9. Qc2 0-0 10. 0-0 a6 11. Rfc1 Bd7 12. a3 Bxc3 13. Qxc3 Qxc3 14. Rxc3 Rfc8 15. Rac1 b5 16. Ne5 Nxe5 17. Bxe5 Ne8 18. Kf1 f6 19. Bg3 Kf7 20. Ke2 g6 21. f3 Rxc3 22. Rxc3 Ra7 23. Kd2 Rb7 24. b4 Ke7 25. Rc5 Nd6 26. Bxd6+ Kxd6 27. Bb1 Bc6 28. Bd3 g5 29. Rc2 h5 30. Ke1 Rg7 31. Kf2 f5 32. Rc1 g4 33. Be2 h4 34. fxg4 fxg4 35. g3 h3 36. Rf1 e5 37. Ke1 exd4 38. Rf6+ Kd7 39. exd4 Re7 40. Kd2 Re4 41. Rf4 Re8 42. Bxg4+ Ke7 43. Bxh3 Rh8 44. Rh4 Rxh4 45. gxh4 Bb7 46. Ke3 Kf6 47. Kf4 Kg6 48. Bg4 Kf6 49. Bf5 1-0